[Event "Mislata 45th"]
[Site "Mislata"]
[Date "2011.08.21"]
[Round "9"]
[White "Castella Garcia, Fausto"]
[Black "Morejon Rodriguez, Eduardo"]
[Result "1-0"]
[WhiteElo "2326"]
[BlackElo "2037"]
[PlyCount "65"]
[EventDate "2011.08.15"]
[EventType "tourn"]
[EventRounds "9"]
[EventCountry "ESP"]
[EventCategory "2"]
[SourceTitle "CBM 143 Extra"]
[Source "ChessBase"]
[SourceDate "2011.08.29"]
[SourceVersion "1"]
[SourceVersionDate "2011.08.29"]
[SourceQuality "1"]

1. e4 d5 2. exd5 Qxd5 3. Nc3 Qd6 4. d4 Nf6 5. Nf3 c6 6. Ne5 g6 7. Bf4 Nh5 8. Be3 Nd7 9. Be2 Nxe5 10. dxe5 Qxd1+ 11. Rxd1 Ng7 12. f4 h5 13. 0-0 Bg4 14. Kf2 Nf5 15. Nb5 Rc8 16. Nxa7 Nxe3 17. Kxe3 Bxe2 18. Nxc8 Bxf1 19. Rxf1 Kd7 20. Nb6+ Kc7 21. Na4 e6 22. Rd1 Be7 23. Nc3 Ra8 24. a3 Ra6 25. Ne4 Rb6 26. b4 Ra6 27. Rd3 b5 28. Kd4 Ra8 29. c4 Rd8+ 30. Kc3 Ra8 31. Kb3 Ra4 32. cxb5 cxb5 33. Nc3 1-0

[Event "Mislata 45th"]
[Site "Mislata"]
[Date "2011.08.16"]
[Round "3"]
[White "Perez Manas, Benjamin"]
[Black "Morejon Rodriguez, Eduardo"]
[Result "1-0"]
[WhiteElo "2298"]
[BlackElo "2037"]
[PlyCount "73"]
[EventDate "2011.08.15"]
[EventType "tourn"]
[EventRounds "9"]
[EventCountry "ESP"]
[EventCategory "2"]
[SourceTitle "CBM 143 Extra"]
[Source "ChessBase"]
[SourceDate "2011.08.29"]
[SourceVersion "1"]
[SourceVersionDate "2011.08.29"]
[SourceQuality "1"]

1. e4 d5 2. exd5 Qxd5 3. Nc3 Qd6 4. d4 Nf6 5. Nb5 Qd8 6. c4 c6 7. Nc3 Bg4 8. f3 Bh5 9. Nge2 e6 10. h4 h6 11. g4 Bg6 12. Be3 Bd6 13. Qd2 Qc7 14. 0-0-0 Na6 15. c5 Be7 16. Nf4 Bh7 17. g5 Nd7 18. g6 Bxg6 19. Nxg6 fxg6 20. Bxa6 bxa6 21. Qd3 0-0 22. Bxh6 Rf5 23. Be3 Nf8 24. Qe4 Rb8 25. Rdg1 Kf7 26. Qg4 Rb4 27. h5 Bxc5 28. hxg6+ Ke8 29. Rh8 Be7 30. Qe4 Qd6 31. Qd3 c5 32. Ne4 Qb8 33. Qc3 c4 34. Nc5 Rxc5 35. dxc5 Bf6 36. Qxf6 gxf6 37. g7 1-0

[Event "Mislata op 13th"]
[Site "Mislata"]
[Date "2005.08.23"]
[Round "6"]
[White "Morejon Rodriguez, Eduardo"]
[Black "Balada Moreno, Jose Luis"]
[Result "1-0"]
[WhiteElo "2103"]
[BlackElo "2206"]
[PlyCount "53"]
[EventDate "2005.08.18"]
[EventType "swiss"]
[EventRounds "9"]
[EventCountry "ESP"]
[SourceTitle "CBM 107 Extra"]
[Source "ChessBase"]
[SourceDate "2005.09.01"]
[SourceVersion "1"]
[SourceVersionDate "2005.09.01"]
[SourceQuality "1"]

1. d4 g6 2. Nf3 Nf6 3. Nc3 Bg7 4. e4 d6 5. Bg5 c6 6. a4 Qa5 7. Bd2 Qc7 8. h3 e5 9. dxe5 dxe5 10. Bc4 Nbd7 11. 0-0 0-0 12. Be3 h6 13. a5 Nh5 14. Qd2 Nf4 15. Rfd1 Re8 16. Qd6 Qxd6 17. Rxd6 Bf8 18. Rd2 Bb4 19. Rad1 Nf6 20. Nxe5 Ne6 21. a6 Bxc3 22. bxc3 b5 23. Bxe6 Rxe6 24. Rd8+ Kg7 25. Ng4 Nxg4 26. hxg4 Rxe4 27. R1d6 1-0

[Event "Madrid FMA Trofeo"]
[Site "Madrid"]
[Date "2000.10.15"]
[Round "10"]
[White "Morejon Rodriguez, Eduardo"]
[Black "Rojo Huerta, Gabriel"]
[Result "1/2-1/2"]
[WhiteElo "2169"]
[BlackElo "2332"]
[PlyCount "21"]
[EventDate "2000.10.??"]
[EventType "tourn"]
[EventRounds "11"]
[EventCountry "ESP"]
[EventCategory "4"]
[SourceTitle "EXT 2002"]
[Source "ChessBase"]
[SourceDate "2001.11.25"]
[SourceVersion "1"]
[SourceVersionDate "2001.11.25"]
[SourceQuality "1"]

1. d4 Nf6 2. Nf3 d5 3. Bg5 e6 4. Nbd2 Be7 5. c3 0-0 6. g3 b6 7. Bg2 Bb7 8. 0-0 Nbd7 9. Re1 Ne4 10. Bxe7 Qxe7 11. Qc2 1/2-1/2

[Event "Madrid FMA Trofeo"]
[Site "Madrid"]
[Date "2000.10.10"]
[Round "5"]
[White "Frois, Antonio"]
[Black "Morejon Rodriguez, Eduardo"]
[Result "1-0"]
[WhiteElo "2346"]
[BlackElo "2169"]
[PlyCount "125"]
[EventDate "2000.10.??"]
[EventType "tourn"]
[EventRounds "11"]
[EventCountry "ESP"]
[EventCategory "4"]
[SourceTitle "EXT 2002"]
[Source "ChessBase"]
[SourceDate "2001.11.25"]
[SourceVersion "1"]
[SourceVersionDate "2001.11.25"]
[SourceQuality "1"]

1. Nf3 c5 2. c4 Nc6 3. Nc3 e5 4. g3 g6 5. Bg2 Bg7 6. 0-0 Nge7 7. a3 a5 8. Ne1 d6 9. Nc2 0-0 10. Rb1 Rb8 11. d3 Be6 12. Bd2 d5 13. cxd5 Nxd5 14. Ne3 Nce7 15. Ncxd5 Nxd5 16. Bxd5 Bxd5 17. Bxa5 Qd7 18. Nxd5 Qxd5 19. Qd2 f5 20. f3 e4 21. dxe4 Qxd2 22. Bxd2 fxe4 23. Bc3 exf3 24. Bxg7 f2+ 25. Rxf2 Rxf2 26. Kxf2 Kxg7 27. Rd1 Rf8+ 28. Ke1 Rf7 29. Rd6 Rc7 30. e3 Kf7 31. Ke2 Ke7 32. Rb6 Kd8 33. h4 Re7 34. Rb5 Rc7 35. Kd3 Kd7 36. Rb6 Kc8 37. Rd6 Re7 38. g4 Kc7 39. Rf6 b5 40. b3 Kd7 41. a4 c4+ 42. bxc4 bxa4 43. c5 a3 44. c6+ Kc7 45. Rf4 Kxc6 46. Ra4 Rd7+ 47. Ke2 Kd6 48. Rxa3 Ke7 49. Ra6 Rb7 50. Kf3 Kf7 51. Kf4 Re7 52. e4 Rb7 53. h5 gxh5 54. gxh5 Re7 55. Kf5 Rb7 56. h6 Rc7 57. e5 Rb7 58. Ra8 Rb6 59. Ra7+ Kg8 60. e6 Rb8 61. Kf6 Rf8+ 62. Ke7 Rb8 63. Rd7 1-0

[Event "Madrid FMA Trofeo"]
[Site "Madrid"]
[Date "2000.10.08"]
[Round "3"]
[White "Morejon Rodriguez, Eduardo"]
[Black "Martinez Martin, David"]
[Result "0-1"]
[WhiteElo "2169"]
[BlackElo "2283"]
[PlyCount "64"]
[EventDate "2000.10.??"]
[EventType "tourn"]
[EventRounds "11"]
[EventCountry "ESP"]
[EventCategory "4"]
[SourceTitle "EXT 2001"]
[Source "ChessBase"]
[SourceDate "2000.11.22"]
[SourceVersion "1"]
[SourceVersionDate "2000.11.22"]
[SourceQuality "1"]

1. d4 Nf6 2. Nc3 d5 3. Bg5 e6 4. e4 Bb4 5. e5 h6 6. exf6 hxg5 7. fxg7 Rg8 8. Qd3 Qf6 9. 0-0-0 Nc6 10. Nb5 Ba5 11. Qg3 Qe7 12. h4 Rxg7 13. h5 a6 14. Nc3 Bd7 15. h6 Rh7 16. f4 0-0-0 17. Qxg5 f6 18. Qh4 Rdh8 19. Qg3 Rxh6 20. Rxh6 Rxh6 21. Qe3 Rh1 22. Nh3 Bb6 23. Ne2 e5 24. fxe5 fxe5 25. Qf3 exd4 26. Ng3 Ne5 27. Qxd5 Rh2 28. Bxa6 c6 29. Qg8+ Kc7 30. Bf1 d3 31. cxd3 Bxh3 32. gxh3 Qc5+ 0-1

[Event "Madrid FMA Trofeo"]
[Site "Madrid"]
[Date "2000.10.08"]
[Round "4"]
[White "Morejon Rodriguez, Eduardo"]
[Black "Roa Alonso, Santiago"]
[Result "0-1"]
[WhiteElo "2169"]
[BlackElo "2358"]
[PlyCount "101"]
[EventDate "2000.10.??"]
[EventType "tourn"]
[EventRounds "11"]
[EventCountry "ESP"]
[EventCategory "4"]
[SourceTitle "EXT 2001"]
[Source "ChessBase"]
[SourceDate "2000.11.22"]
[SourceVersion "1"]
[SourceVersionDate "2000.11.22"]
[SourceQuality "1"]

1. d4 Nf6 2. Nf3 e6 3. Bg5 d5 4. Nbd2 c5 5. c3 Nc6 6. e4 cxd4 7. Nxd4 Be7 8. Nxc6 bxc6 9. e5 Nd7 10. Bxe7 Qxe7 11. f4 f6 12. Bd3 fxe5 13. fxe5 Qg5 14. Nf3 Qe3+ 15. Qe2 Qxe2+ 16. Kxe2 Ke7 17. Kd2 a5 18. Rae1 Ba6 19. Bxa6 Rxa6 20. Rhf1 Rf8 21. h3 a4 22. Kc1 h6 23. Nh2 Rxf1 24. Nxf1 Ra8 25. Nd2 Rf8 26. Nf3 Nc5 27. Re3 g5 28. Kd1 Rf4 29. Nd4 Kd7 30. Rf3 Rxf3 31. Nxf3 Nd3 32. b3 axb3 33. axb3 Nf4 34. Ne1 c5 35. Kd2 d4 36. cxd4 cxd4 37. Nf3 Nxg2 38. Kd3 Nf4+ 39. Kxd4 Nxh3 40. Ke4 Nf4 41. Nh2 Nd5 42. Ng4 h5 43. Nf6+ Nxf6+ 44. exf6 h4 45. b4 h3 46. Kf3 e5 47. b5 e4+ 48. Kg3 e3 49. b6 e2 50. b7 e1Q+ 51. Kxh3 0-1

[Event "Pardubice Czech op"]
[Site "Pardubice"]
[Date "1998.??.??"]
[Round "6"]
[White "Meier, Volker"]
[Black "Morejon Rodriguez, Eduardo"]
[Result "1-0"]
[WhiteElo "2335"]
[BlackElo "2245"]
[PlyCount "70"]
[EventDate "1998.07.??"]
[EventType "swiss"]
[EventRounds "9"]
[EventCountry "CZE"]
[SourceTitle "EXT 2000"]
[Source "ChessBase"]
[SourceDate "1999.11.16"]
[SourceVersion "1"]
[SourceVersionDate "1999.11.16"]
[SourceQuality "1"]

1. e4 c5 2. Nf3 d6 3. d4 cxd4 4. Qxd4 a6 5. Bg5 Nc6 6. Qd2 Nf6 7. Bxf6 gxf6 8. Nc3 h5 9. Be2 Bh6 10. Qd1 f5 11. 0-0 f4 12. Nd4 h4 13. Kh1 Ne5 14. Nf5 Bxf5 15. exf5 Qd7 16. Nd5 Rc8 17. Nb6 Qc6 18. Nxc8 Qxc8 19. Bf3 Qxf5 20. Bxb7 Rg8 21. Bf3 h3 22. g3 Kf8 23. Qe2 Nxf3 24. Qxf3 e5 25. Qd3 Qe6 26. Rad1 Rg6 27. Qd5 Qf5 28. c4 Re6 29. Rd3 Qg4 30. Rb3 Qe2 31. Qd3 Qg4 32. f3 Qh5 33. g4 Qh4 34. Qe2 Bg5 35. Rb7 Bd8 1-0

[Event "Andorra op 16th"]
[Site "Andorra"]
[Date "1998.??.??"]
[Round "2"]
[White "Morejon Rodriguez, Eduardo"]
[Black "Baburin, Alexander"]
[Result "0-1"]
[WhiteElo "2335"]
[BlackElo "2600"]
[PlyCount "72"]
[EventDate "1998.06.??"]
[EventType "swiss"]
[EventRounds "9"]
[EventCountry "AND"]
[SourceTitle "EXT 2003"]
[Source "ChessBase"]
[SourceDate "2002.11.25"]
[SourceVersion "1"]
[SourceVersionDate "2002.11.25"]
[SourceQuality "1"]

1. Nf3 d5 2. g3 c6 3. Bg2 Bg4 4. d3 Bxf3 5. Bxf3 Nd7 6. Nd2 e6 7. c4 Ngf6 8. a3 g6 9. 0-0 Bg7 10. Rb1 a5 11. b4 axb4 12. axb4 b5 13. Bb2 0-0 14. Ra1 Qe7 15. Qb3 Nb6 16. cxb5 cxb5 17. Ra5 Qd7 18. Rc1 Na4 19. Be5 Rac8 20. Rxc8 Rxc8 21. Qb1 Ne8 22. Bxg7 Nxg7 23. Nb3 Nf5 24. e3 d4 25. exd4 Nxd4 26. Nxd4 Qxd4 27. Ra8 Rxa8 28. Bxa8 Nc3 29. Qe1 Qxd3 30. Qe5 Qb1+ 31. Kg2 Qxb4 32. Bc6 h5 33. Qb8+ Qf8 34. Qb6 Qd6 35. Qb7 b4 36. Be8 Qd5+ 0-1

[Event "Pardubice Czech op"]
[Site "Pardubice"]
[Date "1998.??.??"]
[Round "4"]
[White "Paschall, William M"]
[Black "Morejon Rodriguez, Eduardo"]
[Result "1-0"]
[WhiteElo "2365"]
[BlackElo "2245"]
[PlyCount "57"]
[EventDate "1998.07.??"]
[EventType "swiss"]
[EventRounds "9"]
[EventCountry "CZE"]
[SourceTitle "EXT 2000"]
[Source "ChessBase"]
[SourceDate "1999.11.16"]
[SourceVersion "1"]
[SourceVersionDate "1999.11.16"]
[SourceQuality "1"]

1. d4 Nf6 2. c4 e6 3. Nc3 c5 4. d5 exd5 5. cxd5 d6 6. e4 g6 7. Bd3 Bg7 8. h3 a6 9. a4 0-0 10. Nf3 Nbd7 11. 0-0 Re8 12. Bf4 c4 13. Bc2 Qc7 14. Re1 Rb8 15. Qd2 b5 16. axb5 axb5 17. Nd4 Ne5 18. Ncxb5 Qb6 19. Qa5 Bd7 20. Qxb6 Rxb6 21. Ra5 Nxd5 22. exd5 Rxb5 23. Rxb5 Bxb5 24. Bxe5 Bd7 25. Nc6 dxe5 26. Re4 Bxc6 27. dxc6 Rc8 28. Rxc4 Rc7 29. b4 1-0